Sports Quiz

Random Sports Quiz
Score 0/22 Timer 05:00
0 Plays Today
Hint Answer % Correct
Dundee United
92.9%
East Fife
65.7%
Falkirk
65.7%
Arbroath
61.4%
Morton
60%
Montrose
60%
Brechin
60%
Hearts
58.6%
Alloa
55.7%
Queen of the South
55.7%
Dunfermline
54.3%
Hint Answer % Correct
Stirling
52.9%
Clyde
51.4%
Raith
50%
East Stirling
44.3%
Stranraer
42.9%
Airdrie
40%
Cowdenbeath
38.6%
Highland League club who play at Station ParkNairn County
38.6%
Queen's Park
34.3%
Cologne
24.3%
Non-league team who play at Trammondford ParkWigtown
10%
Remove Ads.
Support Sporcle.
Get the best of Sporcle when you Go Orange. This ad-free experience offers more features, more stats, and more fun while also helping to support Sporcle. Thank you for becoming a member.

You're not logged in!

Compare scores with friends on all Sporcle quizzes.
OR
Log In

Show Comments

Extras

Top Quizzes Today


Score Distribution

Your Account Isn't Verified!

In order to create a playlist on Sporcle, you need to verify the email address you used during registration. Go to your Sporcle Settings to finish the process.

Report this User

Report this user for behavior that violates our Community Guidelines.

Details: